000 01134naa a22002777a 4500
001 BR9504522
003 BR-BrBNA
005 20240918181355.0
007 ta
008 230509b bl.||||| |||| 00| 0 por d
040 _aBR-BrBNA
_bpor
_cBiblioteca Nacional de Agricultura
041 _a(Pt)
072 _aF62; F63; F60
_b1953
090 _aF62 BR9504522
100 1 _aPassos, L.P.
111 1 _aWorkshop sobre potencial forrageiro da alfafa (Medicago sativa L.)nos tropicos
_cJuiz de Fora, MG (Brazil)
_d24-26 May 1991
245 1 _aIndicadores fisiologicos para a cultura da alfafa nos tropicos
260 3 _aCoronel Pacheco, MG (Brasil):
_c1994.
500 _aWorkshop sobre o potencial forrageiro da alfafa (Medicago sativa L.)nos tropicos Coronel Pacheco, MG (Brasil): 1994. p. 149-158 (BR9504522-AM)F62
650 _aAlfafa
650 _aFisiologia Vegetal
650 _aReproducao Vegetal
773 0 _tWorkshop sobre o potencial forrageiro da alfafa (Medicago sativa L.)nos tropicos
_wF62 BR9504522
_gCoronel Pacheco, MG (Brasil), 1994. p. 149-158
909 _a202404
_bLucia
_c55
_dLucia Elande
942 _cAM
_2AGRIS
999 _c325006
_d325006